Every EFL Championship Hat-trick Scorer - Statistics

General Stats
  • This quiz has been taken 3 times
  • The average score is 12 of 240
Answer Stats
% Correct
123 England Watford Troy Deeney Fulham 5 December 2014
100%
104 England Watford Troy Deeney Bournemouth 10 August 2013
100%
220 Ghana Leicester City Abdul Fatawu Southampton 23 April 2024
50%
171 England Sheffield United Billy Sharp Aston Villa 8 February 2019
50%
166 England Sheffield United Billy Sharp Wigan Athletic 27 October 2018
50%
38 England Sheffield United Billy Sharp Queens Park Rangers 16 August 2008
50%
98 New Zealand Leicester City Chris Wood Bristol City 12 January 2013
50%
73 New Zealand Birmingham City Chris Wood Millwall 11 September 2011
50%
183 England Barnsley Conor Chaplin Queens Park Rangers 14 December 2019
50%
237 United States Coventry City Haji Wright Middlesbrough 16 February 2026
50%
228 United States Coventry City Haji Wright Sunderland 15 March 2025
50%
231 England Ipswich Town Jaden Philogene Sheffield United 12 September 2025
50%
120 Ireland Bolton Wanderers Joe Mason Rotherham United 16 September 2014
50%
221 Nigeria West Bromwich Albion Josh Maja Queens Park Rangers 10 August 2024
50%
232 Wales Wrexham Kieffer Moore Coventry City 31 October 2025
50%
158 England Sheffield United Leon Clarke Fulham 21 November 2017
50%
156 England Sheffield United Leon Clarke Hull City 4 November 2017
50%
238 Australia Norwich City Mohamed Touré Bristol City 18 April 2026
50%
236 Australia Norwich City Mohamed Touré Oxford United 10 February 2026
50%
135 Portugal Reading Orlando Sá Ipswich Town 11 September 2015
50%
196 Finland Norwich City Teemu Pukki Huddersfield Town 6 April 2021
50%
153 Uruguay Hull City Abel Hernández Burton Albion 12 August 2017
0%
140 Uruguay Hull City Abel Hernández Charlton Athletic 16 January 2016
0%
199 England Blackburn Rovers Adam Armstrong Birmingham City 8 May 2021
0%
197 England Blackburn Rovers Adam Armstrong Huddersfield Town 24 April 2021
0%
192 England Blackburn Rovers Adam Armstrong Wycombe Wanderers 19 September 2020
0%
111 England Reading Adam Le Fondre Blackpool 28 January 2014
0%
110 England Reading Adam Le Fondre Bolton Wanderers 18 January 2014
0%
16 England Stoke City Adam Rooney Brighton & Hove Albion 30 April 2006
0%
12 Nigeria Burnley Ade Akinbiyi Luton Town 5 November 2005
0%
239 Croatia Portsmouth Adrian Segečić Stoke City 25 April 2026
0%
20 Ireland Ipswich Town Alan Lee Luton Town 29 October 2006
0%
205 Serbia Fulham Aleksandar Mitrović Bristol City 15 January 2022
0%
203 Serbia Fulham Aleksandar Mitrović West Bromwich Albion 30 October 2021
0%
202 Serbia Fulham Aleksandar Mitrović Swansea City 29 September 2021
0%
179 Serbia Fulham Aleksandar Mitrović Luton Town 23 October 2019
0%
204 Austria Bristol City Andreas Weimann Millwall 2 January 2022
0%
175 Austria Bristol City Andreas Weimann Sheffield United 30 March 2019
0%
139 Jamaica Burnley Andre Gray Bristol City 28 December 2015
0%
34 England Burnley Andrew Cole Queens Park Rangers 12 February 2008
0%
24 England Southampton Andrew Surman Barnsley 17 February 2007
0%
164 Kosovo Sheffield Wednesday Atdhe Nuhiu Norwich City 6 May 2018
0%
5 Jamaica Millwall Barry Hayles Derby County 28 December 2004
0%
201 Chile Blackburn Rovers Ben Brereton Díaz Cardiff City 25 September 2021
0%
162 Jamaica Bristol City Bobby De Cordova-Reid Sheffield Wednesday 3 March 2018
0%
226 Spain Norwich City Borja Sainz Plymouth Argyle 26 November 2024
0%
222 Spain Norwich City Borja Sainz Derby County 28 September 2024
0%
131 Jersey Bournemouth Brett Pitman Blackpool 14 March 2015
0%
4 England Leeds United Brian Deane Queens Park Rangers 20 November 2004
0%
121 DR Congo Nottingham Forest Britt Assombalonga Fulham 17 September 2014
0%
119 Guyana Charlton Athletic Callum Harriott Blackpool 3 May 2014
0%
227 England Portsmouth Callum Lang Coventry City 21 December 2024
0%
10 Guyana Wolverhampton Wanderers Carl Cort Queens Park Rangers 30 August 2005
0%
233 England Derby County Carlton Morris Sheffield United 1 November 2025
0%
94 England Burnley Charlie Austin Sheffield Wednesday 2 October 2012
0%
89 England Burnley Charlie Austin Peterborough United 15 September 2012
0%
84 England Burnley Charlie Austin Portsmouth 31 March 2012
0%
172 Scotland Birmingham City Ché Adams Queens Park Rangers 9 February 2019
0%
167 Scotland Birmingham City Ché Adams Hull City 10 November 2018
0%
55 Scotland Burnley Chris Iwelumo Preston North End 11 September 2010
0%
41 Scotland Wolverhampton Wanderers Chris Iwelumo Preston North End 20 September 2008
0%
21 Scotland Colchester United Chris Iwelumo Hull City 28 November 2006
0%
109 England Derby County Chris Martin Blackpool 7 December 2013
0%
212 Nigeria Middlesbrough Chuba Akpom Wigan Athletic 26 December 2022
0%
136 Jamaica Birmingham City Clayton Donaldson Bristol City 12 September 2015
0%
126 Jamaica Birmingham City Clayton Donaldson Wigan Athletic 10 January 2015
0%
229 England Portsmouth Colby Bishop Norwich City 18 April 2025
0%
65 England Ipswich Town Connor Wickham Doncaster Rovers 15 February 2011
0%
154 Ireland Aston Villa Conor Hourihane Norwich City 19 August 2017
0%
115 Scotland Derby County Craig Bryson Nottingham Forest 22 March 2014
0%
106 Scotland Derby County Craig Bryson Millwall 14 September 2013
0%
91 Wales Barnsley Craig Davies Birmingham City 22 September 2012
0%
169 England Blackburn Rovers Danny Graham Sheffield Wednesday 1 December 2018
0%
206 England Huddersfield Town Danny Ward Reading 22 January 2022
0%
118 England Huddersfield Town Danny Ward Watford 3 May 2014
0%
79 England Millwall Darius Henderson Barnsley 21 January 2012
0%
74 England Millwall Darius Henderson Leicester City 22 October 2011
0%
50 England Sheffield United Darius Henderson Bristol City 28 November 2009
0%
137 Ireland Ipswich Town Daryl Murphy Rotherham United 7 November 2015
0%
13 England Reading Dave Kitson Brighton & Hove Albion 10 December 2005
0%
8 England Reading Dave Kitson West Ham United 12 March 2005
0%
2 England Reading Dave Kitson Gillingham 18 September 2004
0%
9 Ireland Leicester City David Connolly Stoke City 9 August 2005
0%
151 England Derby County David Nugent Fulham 4 April 2017
0%
92 England Leicester City David Nugent Hull City 23 September 2012
0%
14 England Norwich City Dean Ashton Southampton 17 December 2005
0%
26 England Hull City Dean Windass Southend United 31 March 2007
0%
125 England Birmingham City Demarai Gray Reading 13 December 2014
0%
44 Jamaica Charlton Athletic Deon Burton Norwich City 3 May 2009
0%
234 England Stoke City Divin Mubama Bristol City 1 November 2025
0%
177 England West Bromwich Albion Dwight Gayle Preston North End 13 April 2019
0%
170 England West Bromwich Albion Dwight Gayle Rotherham United 22 December 2018
0%
148 England Newcastle United Dwight Gayle Birmingham City 10 December 2016
0%
145 England Newcastle United Dwight Gayle Norwich City 28 September 2016
0%
100 England Peterborough United Dwight Gayle Blackburn Rovers 2 March 2013
0%
240 England Coventry City Ellis Simms Watford 2 May 2026
0%
218 England Coventry City Ellis Simms Rotherham United 5 March 2024
0%
93 England Peterborough United Emile Sinclair Hull City 29 September 2012
0%
225 Ivory Coast Middlesbrough Emmanuel Latte Lath Oxford United 23 November 2024
0%
52 Wales Coventry City Freddy Eastwood Peterborough United 12 December 2009
0%
83 Jamaica Nottingham Forest Garath McCleary Leeds United 20 March 2012
0%
129 England Norwich City Gary Hooper Blackpool 7 February 2015
0%
54 England Scunthorpe United Gary Hooper Bristol City 17 April 2010
0%
22 England Birmingham City Gary McSheffrey Preston North End 9 December 2006
0%
182 Romania Reading George Pușcaș Wigan Athletic 30 November 2019
0%
18 England Burnley Gifton Noel-Williams Barnsley 12 September 2006
0%
146 England Brighton & Hove Albion Glenn Murray Norwich City 29 October 2016
0%
96 England Crystal Palace Glenn Murray Ipswich Town 6 November 2012
0%
90 England Crystal Palace Glenn Murray Cardiff City 22 September 2012
0%
67 England Norwich City Grant Holt Scunthorpe United 2 April 2011
0%
61 England Norwich City Grant Holt Ipswich Town 28 November 2010
0%
143 England Ipswich Town Grant Ward Barnsley 6 August 2016
0%
198 Wales Cardiff City Harry Wilson Birmingham City 1 May 2021
0%
147 England Nottingham Forest Henri Lansbury Barnsley 25 November 2016
0%
195 England Brentford Ivan Toney Wycombe Wanderers 30 January 2021
0%
37 England Sheffield United James Beattie Leicester City 5 April 2008
0%
193 Ireland Luton Town James Collins Preston North End 12 December 2020
0%
57 England Doncaster Rovers James Coppinger Norwich City 14 September 2010
0%
163 England Norwich City James Maddison Hull City 10 March 2018
0%
29 England Crystal Palace James Scowcroft Southampton 11 August 2007
0%
105 England Huddersfield Town James Vaughan Bournemouth 24 August 2013
0%
103 England Huddersfield Town James Vaughan Bristol City 27 April 2013
0%
56 England Crystal Palace James Vaughan Portsmouth 14 September 2010
0%
36 England Norwich City Jamie Cureton Colchester United 22 March 2008
0%
27 England Colchester United Jamie Cureton Southend United 6 April 2007
0%
17 England Colchester United Jamie Cureton Derby County 26 August 2006
0%
3 England Queens Park Rangers Jamie Cureton Coventry City 28 September 2004
0%
63 England Millwall Jason Puncheon Crystal Palace 1 January 2011
0%
124 Belgium Middlesbrough Jelle Vossen Millwall 6 December 2014
0%
107 England Birmingham City Jesse Lingard Sheffield Wednesday 21 September 2013
0%
230 Suriname Leeds United Joël Piroe Stoke City 21 April 2025
0%
180 England Cardiff City Joe Ralls Birmingham City 2 November 2019
0%
200 England Reading John Swift Queens Park Rangers 11 September 2021
0%
30 Ireland Ipswich Town Jonathan Walters Bristol City 10 November 2007
0%
75 England Blackpool Jonjo Shelvey Leeds United 2 November 2011
0%
59 England Leeds United Jonny Howson Scunthorpe United 30 October 2010
0%
58 England Preston North End Jon Parkin Leeds United 28 September 2010
0%
130 Spain Brentford Jon Toral Blackpool 24 February 2015
0%
184 Scotland Sheffield Wednesday Jordan Rhodes Nottingham Forest 14 December 2019
0%
114 Scotland Blackburn Rovers Jordan Rhodes Huddersfield Town 15 March 2014
0%
97 Scotland Blackburn Rovers Jordan Rhodes Peterborough United 17 November 2012
0%
181 England Brentford Josh Dasilva Luton Town 30 November 2019
0%
150 Spain Brentford Jota Peleteiro Rotherham United 25 February 2017
0%
160 Jamaica Leeds United Kemar Roofe Queens Park Rangers 9 December 2017
0%
40 Ireland Reading Kevin Doyle Sheffield Wednesday 16 September 2008
0%
39 Ireland Reading Kevin Doyle Crystal Palace 30 August 2008
0%
47 England Newcastle United Kevin Nolan Ipswich Town 26 September 2009
0%
102 England Crystal Palace Kevin Phillips Hull City 5 March 2013
0%
28 England West Bromwich Albion Kevin Phillips Barnsley 6 May 2007
0%
19 England West Bromwich Albion Kevin Phillips Ipswich Town 14 October 2006
0%
191 England Wigan Athletic Kieran Dowell Hull City 14 July 2020
0%
155 England Nottingham Forest Kieran Dowell Hull City 28 October 2017
0%
133 England Millwall Lee Gregory Derby County 25 April 2015
0%
71 England Peterborough United Lee Tomlin Ipswich Town 20 August 2011
0%
101 Argentina Brighton & Hove Albion Leonardo Ulloa Huddersfield Town 2 March 2013
0%
42 England Norwich City Leroy Lita Wolverhampton Wanderers 21 October 2008
0%
33 Ireland Stoke City Liam Lawrence Barnsley 26 December 2007
0%
188 England Derby County Louie Sibley Millwall 20 June 2020
0%
60 Argentina Leeds United Luciano Becchio Bristol City 13 November 2010
0%
165 England Birmingham City Lukas Jutkiewicz Rotherham United 6 October 2018
0%
122 England Bournemouth Marc Pugh Birmingham City 25 October 2014
0%
7 England Sunderland Marcus Stewart Watford 12 February 2005
0%
1 England Sunderland Marcus Stewart Gillingham 11 September 2004
0%
25 Poland Southampton Marek Saganowski Wolverhampton Wanderers 31 March 2007
0%
95 Jamaica Birmingham City Marlon King Millwall 23 October 2012
0%
174 England Derby County Martyn Waghorn Rotherham United 30 March 2019
0%
117 England Charlton Athletic Marvin Sordell Sheffield Wednesday 21 April 2014
0%
176 England Derby County Mason Mount Bolton Wanderers 13 April 2019
0%
159 Czech Republic Derby County Matěj Vydra Middlesbrough 25 November 2017
0%
77 England Blackpool Matt Phillips Barnsley 26 December 2011
0%
187 England Millwall Matt Smith Nottingham Forest 6 March 2020
0%
87 England Hull City Matty Fryatt Barnsley 17 April 2012
0%
64 England Hull City Matty Fryatt Scunthorpe United 5 February 2011
0%
48 England Cardiff City Michael Chopra Derby County 29 September 2009
0%
46 England Cardiff City Michael Chopra Plymouth Argyle 18 August 2009
0%
23 England Cardiff City Michael Chopra Leicester City 27 January 2007
0%
219 Montenegro Preston North End Milutin Osmajić Huddersfield Town 9 April 2024
0%
217 England Plymouth Argyle Morgan Whittaker Norwich City 23 September 2023
0%
185 Bermuda Queens Park Rangers Nahki Wells Cardiff City 1 January 2020
0%
215 Nigeria Burnley Nathan Tella Hull City 15 March 2023
0%
213 Nigeria Burnley Nathan Tella Preston North End 11 February 2023
0%
149 Portugal Norwich City Nélson Oliveira Derby County 2 January 2017
0%
152 England Wigan Athletic Nick Powell Barnsley 13 April 2017
0%
80 Serbia Birmingham City Nikola Žigić Leeds United 31 January 2012
0%
128 Nigeria Watford Odion Ighalo Blackpool 24 January 2015
0%
178 England Brentford Ollie Watkins Barnsley 29 September 2019
0%
208 Colombia Hull City Óscar Estupiñán Coventry City 27 August 2022
0%
216 Turkey Hull City Ozan Tufan Sheffield Wednesday 12 August 2023
0%
161 England Middlesbrough Patrick Bamford Leeds United 2 March 2018
0%
53 Scotland Leicester City Paul Gallagher Scunthorpe United 13 February 2010
0%
88 England Cardiff City Peter Whittingham Wolverhampton Wanderers 2 September 2012
0%
49 England Cardiff City Peter Whittingham Sheffield United 24 October 2009
0%
99 Poland Nottingham Forest Radosław Majewski Huddersfield Town 19 February 2013
0%
85 Poland Nottingham Forest Radosław Majewski Crystal Palace 31 March 2012
0%
32 Jamaica Stoke City Ricardo Fuller West Bromwich Albion 22 December 2007
0%
86 Portugal West Ham United Ricardo Vaz Tê Brighton & Hove Albion 14 April 2012
0%
78 Portugal Barnsley Ricardo Vaz Tê Leeds United 31 December 2011
0%
6 England Preston North End Richard Cresswell Sunderland 1 January 2005
0%
82 England Southampton Rickie Lambert Millwall 17 March 2012
0%
81 England Southampton Rickie Lambert Watford 25 February 2012
0%
76 England Southampton Rickie Lambert Brighton & Hove Albion 19 November 2011
0%
72 England Southampton Rickie Lambert Nottingham Forest 10 September 2011
0%
51 Wales Nottingham Forest Robert Earnshaw Leicester City 5 December 2009
0%
11 England Leeds United Rob Hulse Derby County 28 September 2005
0%
134 Scotland Fulham Ross McCormack Middlesbrough 25 April 2015
0%
127 Scotland Fulham Ross McCormack Nottingham Forest 21 January 2015
0%
112 Scotland Leeds United Ross McCormack Huddersfield Town 1 February 2014
0%
108 Scotland Leeds United Ross McCormack Charlton Athletic 9 November 2013
0%
132 Benin Blackburn Rovers Rudy Gestede Nottingham Forest 18 April 2015
0%
116 Benin Blackburn Rovers Rudy Gestede Birmingham City 21 April 2014
0%
157 England Fulham Ryan Sessegnon Sheffield United 21 November 2017
0%
190 Algeria Brentford Saïd Benrahma Wigan Athletic 4 July 2020
0%
186 Algeria Brentford Saïd Benrahma Hull City 1 February 2020
0%
173 Algeria Brentford Saïd Benrahma Hull City 23 February 2019
0%
207 England Nottingham Forest Sam Surridge Swansea City 30 April 2022
0%
209 Ireland Birmingham City Scott Hogan West Bromwich Albion 14 September 2022
0%
144 Ireland Brentford Scott Hogan Preston North End 17 September 2016
0%
69 Australia Middlesbrough Scott McDonald Hull City 22 April 2011
0%
194 Spain Brentford Sergi Canós Cardiff City 26 December 2020
0%
45 Nigeria Newcastle United Shola Ameobi Reading 15 August 2009
0%
70 Canada Norwich City Simeon Jackson Derby County 25 April 2011
0%
68 Canada Norwich City Simeon Jackson Scunthorpe United 2 April 2011
0%
31 Trinidad & Tobago Southampton Stern John Hull City 8 December 2007
0%
35 Scotland Leicester City Steve Howard West Bromwich Albion 15 March 2008
0%
43 England Wolverhampton Wanderers Sylvan Ebanks-Blake Norwich City 3 February 2009
0%
168 England Aston Villa Tammy Abraham Nottingham Forest 28 November 2018
0%
214 Wales Millwall Tom Bradshaw Sheffield United 18 February 2023
0%
210 Wales Millwall Tom Bradshaw Watford 19 October 2022
0%
223 Ireland Stoke City Tom Cannon Portsmouth 2 October 2024
0%
142 Israel Brighton & Hove Albion Tomer Hemed Fulham 15 April 2016
0%
235 England Watford Tom Ince Birmingham City 1 January 2026
0%
138 England Derby County Tom Ince Bristol City 15 December 2015
0%
224 Ivory Coast Watford Vakoun Issouf Bayo Sheffield Wednesday 2 November 2024
0%
15 France Plymouth Argyle Vincent Péricard Coventry City 18 February 2006
0%
62 Ireland Norwich City Wes Hoolahan Sheffield United 28 December 2010
0%
189 Ivory Coast Reading Yakou Méïté Luton Town 4 July 2020
0%
66 Nigeria Leicester City Yakubu Ayegbeni Middlesbrough 2 April 2011
0%
113 France Bournemouth Yann Kermorgant Doncaster Rovers 1 March 2014
0%
141 France Charlton Athletic Yaya Sanogo Reading 27 February 2016
0%
211 Netherlands Millwall Zian Flemming Preston North End 12 November 2022
0%
No matching quizzes found
Score Distribution
Percent of People with Each Score
Percentile by Number Answered
Your Score History
You have not taken this quiz